[Event "Lille Luce op 6th"]
[Site "Lille"]
[Date "2015.05.04"]
[Round "1"]
[White "Valles, Manuel"]
[Black "Labadie, Jean Jacques"]
[Result "1-0"]
[WhiteElo "2354"]
[BlackElo "1958"]
[PlyCount "71"]
[EventDate "2015.05.04"]
[EventType "swiss"]
[EventRounds "9"]
[EventCountry "FRA"]
[SourceTitle "EXT 2017"]
[Source "ChessBase"]
[SourceDate "2016.10.25"]
[SourceVersion "1"]
[SourceVersionDate "2016.10.25"]
[SourceQuality "1"]

1. d4 Nf6 2. c4 d6 3. Nc3 e5 4. d5 Be7 5. e4 Nbd7 6. Bd3 Nc5 7. Bc2 a5 8. Nge2 0-0 9. 0-0 Nh5 10. a3 Bg5 11. Kh1 g6 12. f4 exf4 13. Bxf4 Bxf4 14. Nxf4 Nxf4 15. Rxf4 Nd7 16. Qd4 Qg5 17. Raf1 Ne5 18. c5 Bd7 19. cxd6 cxd6 20. Rf6 Ra6 21. Bd3 Nxd3 22. Qxd3 Rb6 23. Qf3 Ra6 24. Qf4 Qe5 25. Nb5 Qe7 26. Nd4 Ba4 27. Qh4 Qe5 28. Ne6 Bb5 29. Qh6 Qxe6 30. dxe6 Bxf1 31. Rxf1 b5 32. h4 Raa8 33. Rxf7 Rxf7 34. exf7+ Kxf7 35. Qxh7+ Kf6 36. Qd7 1-0

[Event "FRA-ch op-A"]
[Site "Nimes"]
[Date "2009.08.13"]
[Round "3"]
[White "Marciniak, Alexandre"]
[Black "Labadie, Jean Jacques"]
[Result "0-1"]
[WhiteElo "2152"]
[BlackElo "2069"]
[PlyCount "72"]
[EventDate "2009.08.11"]
[EventType "swiss"]
[EventRounds "11"]
[EventCountry "FRA"]
[SourceTitle "CBM 132 Extra"]
[Source "ChessBase"]
[SourceDate "2009.11.03"]
[SourceVersion "1"]
[SourceVersionDate "2009.11.03"]
[SourceQuality "1"]

1. e4 e6 2. d4 d5 3. Nc3 Nf6 4. Bg5 Bb4 5. e5 h6 6. Bd2 Bxc3 7. bxc3 Ne4 8. Qg4 Kf8 9. Qf4 c5 10. Bd3 Nxd2 11. Qxd2 Nc6 12. Nf3 Qa5 13. dxc5 Qxc5 14. 0-0 Na5 15. Nd4 Bd7 16. f4 Rc8 17. f5 Ke7 18. Qf2 exf5 19. Bxf5 Rhf8 20. e6 Bxe6 21. Rae1 Qxc3 22. Nxe6 fxe6 23. Rxe6+ Kd8 24. Qf4 Qc5+ 25. Rf2 Nc4 26. Rg6 Rc7 27. Qh4+ Qe7 28. Qd4 Qe1+ 29. Rf1 Qe3+ 30. Qxe3 Nxe3 31. Rd6+ Ke8 32. Bg6+ Ke7 33. Re6+ Kxe6 34. Rxf8 Nxc2 35. Re8+ Kf6 36. Bd3 Nb4 0-1

[Event "Montpellier op"]
[Site "Montpellier"]
[Date "2007.07.08"]
[Round "2"]
[White "Giffard, Nicolas"]
[Black "Labadie, Jean Jacques"]
[Result "1-0"]
[WhiteElo "2381"]
[BlackElo "2017"]
[PlyCount "49"]
[EventDate "2007.12.26"]
[EventType "swiss"]
[EventRounds "7"]
[EventCountry "FRA"]
[SourceTitle "CBM 119 Extra"]
[Source "ChessBase"]
[SourceDate "2007.09.04"]
[SourceVersion "1"]
[SourceVersionDate "2007.09.04"]
[SourceQuality "1"]

1. d4 Nf6 2. c4 e6 3. Nf3 c5 4. d5 b5 5. dxe6 fxe6 6. cxb5 d5 7. e3 Bd6 8. Be2 0-0 9. 0-0 Bb7 10. a4 Nbd7 11. b3 Qe7 12. Ra2 Rad8 13. Nc3 Ne4 14. Rc2 Bc7 15. Bb2 Nxc3 16. Bxc3 Qd6 17. g3 e5 18. Bb2 d4 19. Bc4+ Kh8 20. Ng5 Qg6 21. Ne6 Qe4 22. f3 Qxe3+ 23. Kg2 Ba5 24. Bc1 Rxf3 25. Rxf3 1-0

[Event "Selestat op-A 13th"]
[Site "Selestat"]
[Date "2006.02.??"]
[Round "1"]
[White "Labadie, Jean Jacques"]
[Black "Michel, Denis"]
[Result "1-0"]
[WhiteElo "2050"]
[BlackElo "1800"]
[PlyCount "67"]
[EventDate "2006.02.23"]
[EventType "swiss"]
[EventRounds "7"]
[EventCountry "FRA"]
[SourceTitle "CBM 111 Extra"]
[Source "ChessBase"]
[SourceDate "2006.05.09"]
[SourceVersion "1"]
[SourceVersionDate "2006.05.09"]
[SourceQuality "1"]

1. d4 f5 2. Nf3 Nf6 3. c4 g6 4. Nc3 Bg7 5. Qc2 0-0 6. e3 d6 7. b3 c6 8. Bb2 Bd7 9. Be2 Na6 10. a3 Nc7 11. 0-0 Rc8 12. Rad1 Qe8 13. a4 h6 14. h4 Kh7 15. Bd3 d5 16. Ne5 Be6 17. Ne2 Bf7 18. Nf4 Ne4 19. f3 Bxe5 20. dxe5 Ng3 21. Rfe1 Ne6 22. Nh3 Nc5 23. Kh2 Nxd3 24. Rxd3 Nh5 25. Red1 e6 26. cxd5 cxd5 27. Rc3 Qd7 28. Rc1 Rxc3 29. Qxc3 Bg8 30. Qc5 Ra8 31. Qd6 Qxd6 32. exd6 Bf7 33. Rc7 Kg8 34. d7 1-0

[Event "FRA-chT2O 0203"]
[Site "France"]
[Date "2003.02.02"]
[Round "7.6"]
[White "Pucher, Olivier"]
[Black "Labadie, Jean Jacques"]
[Result "1-0"]
[WhiteElo "2164"]
[BlackElo "2047"]
[PlyCount "73"]
[EventDate "2002.10.??"]
[EventType "team"]
[EventRounds "11"]
[EventCountry "FRA"]
[SourceTitle "EXT 2004"]
[Source "ChessBase"]
[SourceDate "2003.11.25"]
[SourceVersion "1"]
[SourceVersionDate "2003.11.25"]
[SourceQuality "1"]
[WhiteTeam "Metz Fischer II"]
[BlackTeam "Selestat"]
[WhiteTeamCountry "FRA"]
[BlackTeamCountry "FRA"]

1. c4 e5 2. g3 g6 3. Bg2 Bg7 4. Nc3 d6 5. d3 f5 6. e4 Nf6 7. Nge2 c6 8. 0-0 0-0 9. exf5 Bxf5 10. d4 Na6 11. Qb3 Qb6 12. Qxb6 axb6 13. dxe5 dxe5 14. Be3 Rfd8 15. Rfd1 Nc5 16. b4 Rxd1+ 17. Rxd1 Nd3 18. b5 c5 19. Bxb7 Ra7 20. Bc6 Ng4 21. Nd5 e4 22. Rd2 Nge5 23. Rc2 Nf3+ 24. Kh1 Nde1 25. Rc1 Rxa2 26. Nec3 Ra3 27. Ne7+ Kf7 28. Nxf5 gxf5 29. Nd5 Nd3 30. Rf1 Ra2 31. Bd7 Bd4 32. Kg2 Bxe3 33. Nxe3 Nd4 34. Nxf5 Nxf5 35. Bxf5 Ne5 36. Bxe4 Nxc4 37. Bd5+ 1-0

[Event "FRA-chT2O 0203"]
[Site "France"]
[Date "2002.11.16"]
[Round "2.6"]
[White "Labadie, Jean Jacques"]
[Black "Helstroffer, Arnaud"]
[Result "1-0"]
[WhiteElo "2047"]
[BlackElo "2075"]
[PlyCount "77"]
[EventDate "2002.10.??"]
[EventType "team"]
[EventRounds "11"]
[EventCountry "FRA"]
[SourceTitle "EXT 2004"]
[Source "ChessBase"]
[SourceDate "2003.11.25"]
[SourceVersion "1"]
[SourceVersionDate "2003.11.25"]
[SourceQuality "1"]
[WhiteTeam "Selestat"]
[BlackTeam "Nancy II"]
[WhiteTeamCountry "FRA"]
[BlackTeamCountry "FRA"]

1. d4 Nf6 2. c4 g6 3. Nc3 Bg7 4. e4 0-0 5. Be3 d6 6. f3 Nbd7 7. Qd2 e5 8. d5 Nh5 9. 0-0-0 a6 10. g4 Nf4 11. Nh3 b5 12. Nxf4 exf4 13. Bxf4 Ne5 14. Bxe5 Bxe5 15. cxb5 axb5 16. Bxb5 Qf6 17. Qd3 Ra5 18. a4 Bb7 19. Kc2 Rc8 20. Ra1 c6 21. dxc6 Bxc6 22. Bxc6 Rxc6 23. Ra3 Rac5 24. h4 Rc4 25. h5 g5 26. a5 Rd4 27. Qb5 Rdc4 28. a6 Bxc3 29. a7 Bxb2+ 30. Kb1 Rc1+ 31. Ka2 Qe6+ 32. Rb3 Qc8 33. Rxc1 Bxc1 34. Qxc6 Qxc6 35. Rb8+ Kg7 36. a8Q Qc2+ 37. Ka1 Bd2 38. Rg8+ Kf6 39. e5+ 1-0

[Event "FRA-chT2"]
[Site "France"]
[Date "2002.03.??"]
[Round "11"]
[White "Klima, Pascal"]
[Black "Labadie, Jean Jacques"]
[Result "0-1"]
[WhiteElo "1660"]
[BlackElo "2063"]
[PlyCount "88"]
[EventDate "2002.??.??"]
[EventType "team"]
[EventRounds "11"]
[EventCountry "FRA"]
[SourceTitle "EXT 2003"]
[Source "ChessBase"]
[SourceDate "2002.11.25"]
[SourceVersion "1"]
[SourceVersionDate "2002.11.25"]
[SourceQuality "1"]

1. d4 Nf6 2. c4 e6 3. Nc3 Bb4 4. Qc2 d5 5. Bg5 dxc4 6. Bxf6 Qxf6 7. e3 b5 8. Qe4 c6 9. Nf3 0-0 10. Be2 Bb7 11. Qe5 Qe7 12. 0-0 Nd7 13. Qg5 Qxg5 14. Nxg5 a6 15. Nce4 h6 16. Nf3 Rfd8 17. Rfd1 Be7 18. Kf1 c5 19. Nxc5 Nxc5 20. dxc5 Bxc5 21. Rxd8+ Rxd8 22. Rd1 Rxd1+ 23. Bxd1 Kf8 24. Be2 Ke7 25. Ke1 Kd6 26. Kd2 Bb4+ 27. Kd1 Ba5 28. g3 Kc5 29. Nd4 Bd8 30. Kc1 Bf6 31. Nc2 Be4 32. Ne1 a5 33. f3 Bd5 34. a3 e5 35. h3 Be6 36. h4 g6 37. Kd2 e4 38. Kc1 exf3 39. Nxf3 h5 40. Nd2 Be5 41. Bf3 Bf5 42. e4 Bh3 43. b4+ axb4 44. axb4+ Kxb4 0-1

[Event "FRA-chT2"]
[Site "France"]
[Date "2002.01.??"]
[Round "5"]
[White "Libens, Michel"]
[Black "Labadie, Jean Jacques"]
[Result "1-0"]
[WhiteElo "2125"]
[BlackElo "2063"]
[PlyCount "83"]
[EventDate "2002.??.??"]
[EventType "team"]
[EventRounds "11"]
[EventCountry "FRA"]
[SourceTitle "EXT 2003"]
[Source "ChessBase"]
[SourceDate "2002.11.25"]
[SourceVersion "1"]
[SourceVersionDate "2002.11.25"]
[SourceQuality "1"]

1. e4 e6 2. d4 d5 3. Nc3 Bb4 4. e5 Qd7 5. Bd2 b6 6. a3 Bxc3 7. Bxc3 Nc6 8. Nf3 Bb7 9. Bd3 0-0-0 10. b4 f6 11. b5 Nb8 12. a4 Nh6 13. a5 Nf7 14. a6 Ba8 15. Qe2 fxe5 16. Nxe5 Nxe5 17. Qxe5 Qe7 18. 0-0 Nd7 19. Qe3 Rde8 20. Rfe1 Qf7 21. Qh3 g5 22. Re3 h5 23. Rae1 g4 24. Qh4 Rhf8 25. f3 Qg8 26. Qxh5 Nf6 27. Qg6 gxf3 28. Qxg8 f2+ 29. Kxf2 Ne4+ 30. Kg1 Rxg8 31. Bb4 e5 32. c3 exd4 33. cxd4 c5 34. dxc5 bxc5 35. Bxc5 Kd7 36. Bxa7 Ref8 37. Bxe4 dxe4 38. Bc5 Rf5 39. Rd1+ Ke8 40. b6 Rxc5 41. b7 Kf7 42. Rxe4 1-0